Butler's lives of the saints. (Record no. 108735)
[ view plain ]
| 000 -LEADER | |
|---|---|
| fixed length control field | 00420nam a2200157 a 4500 |
| 005 - DATE AND TIME OF LATEST TRANSACTION | |
| control field | 20140414093831.0 |
| 008 - FIXED-LENGTH DATA ELEMENTS--GENERAL INFORMATION | |
| fixed length control field | 030619s19uu xx 00 eng d |
| 050 ## - LIBRARY OF CONGRESS CALL NUMBER | |
| Classification number | CD 200 |
| Item number | OR #02 |
| 245 ## - TITLE STATEMENT | |
| Title | Butler's lives of the saints. |
| 260 ## - PUBLICATION, DISTRIBUTION, ETC. (IMPRINT) | |
| Place of publication, distribution, etc | Harmony Media, Inc. |
| 500 ## - GENERAL NOTE | |
| General note | "I have given you an example"--Cover. |
| 520 ## - SUMMARY, ETC. | |
| Summary, etc | on CD-ROM |
| 650 ## - SUBJECT ADDED ENTRY--TOPICAL TERM | |
| Topical term or geographic name as entry element | Christian saints |
| General subdivision | Biography. |
| 942 ## - ADDED ENTRY ELEMENTS (KOHA) | |
| Koha item type | Audio Visual Materials |
| Withdrawn status | Lost status | Damaged status | Home library | Current library | Shelving location | Date acquired | Source of acquisition | Total Checkouts | Full call number | Barcode | Date last seen | Price effective from | Koha item type |
|---|---|---|---|---|---|---|---|---|---|---|---|---|---|
| Luxembourg Library | Luxembourg Library | Audio Visual Material Section | 06/19/2003 | CD 200 OR #02 | UN2002 | 04/14/2014 | 04/14/2014 | Audio Visual Materials |